Organic chemistry / (Record no. 5295)

MARC details
000 -LEADER
fixed length control field 01034nac a22003135i 4500
003 - CONTROL NUMBER IDENTIFIER
control field EG-ScBUE
005 - DATE AND TIME OF LATEST TRANSACTION
control field 20250812090607.0
008 - FIXED-LENGTH DATA ELEMENTS--GENERAL INFORMATION
fixed length control field 171225t2004 njua f d 001 0 eng d
020 ## - INTERNATIONAL STANDARD BOOK NUMBER
International Standard Book Number 0131407481
020 ## - INTERNATIONAL STANDARD BOOK NUMBER
International Standard Book Number 9780131407480
040 ## - CATALOGING SOURCE
Original cataloging agency EG-ScBUE
Language of cataloging eng
Description conventions rda
Transcribing agency EG-ScBUE
Modifying agency EG-ScBUE
082 04 - DEWEY DECIMAL CLASSIFICATION NUMBER
Classification number 547
Item number BRU
Edition number 22
100 1# - MAIN ENTRY--PERSONAL NAME
Personal name Bruice, Paula Yurkanis,
9 (RLIN) 34897
Dates associated with a name 1941-
Relator term author.
245 10 - TITLE STATEMENT
Title Organic chemistry /
Statement of responsibility, etc Paula Yurkanis Bruice, University of California, Santa Barbara.
250 ## - EDITION STATEMENT
Edition statement Fourth edition.
264 #1 - PUBLICATION, DISTRIBUTION, ETC. (IMPRINT)
Place of publication, distribution, etc Upper Saddle River, New Jersey :
Name of publisher, distributor, etc Pearson/Prentice Hall,
Date of publication, distribution, etc [2004]
264 #4 - PUBLICATION, DISTRIBUTION, ETC. (IMPRINT)
Date of publication, distribution, etc c2004
300 ## - PHYSICAL DESCRIPTION
Extent 1 volume (various pagings) :
Other physical details illustrations ;
Dimensions 28 cm
336 ## - CONTENT TYPE
Source rdacontent
Content type term text
Content type code txt
337 ## - MEDIA TYPE
Media type term unmediated
Source rdamedia
Media type code n
338 ## - CARRIER TYPE
Carrier type term volume
Carrier type code nc
Source rdacarrier
500 ## - GENERAL NOTE
General note Includes index.
500 ## - GENERAL NOTE
General note Includes glossary.
500 ## - GENERAL NOTE
General note Includes Appendices.<br/>
650 #7 - SUBJECT ADDED ENTRY--TOPICAL TERM
Topical term or geographic name as entry element Chemistry, Organic.
Source of heading or term BUEsh
9 (RLIN) 6234
653 ## - INDEX TERM--UNCONTROLLED
Resource For college Generalities
-- Engineering, Chemical
Arrived date list December2017
655 ## - INDEX TERM--GENRE/FORM
Form subdivision Reading book
942 ## - ADDED ENTRY ELEMENTS (KOHA)
Koha item type Book - Borrowing
Source of classification or shelving scheme Dewey Decimal Classification
Holdings
Withdrawn status Lost status Source of classification or shelving scheme Materials specified (bound volume or other part) Damaged status Not for loan Collection code Home library Current library Shelving location Date acquired Source of acquisition Total Checkouts Full call number Barcode Date last seen Date checked out Koha item type Total Renewals Price effective from
    Dewey Decimal Classification     Baccah Central Library Central Library First floor 23/10/2007 Purchase 3 547 BRU 000006612 15/07/2025 10/01/2010 Book - Borrowing    
  Lost and Paid For Dewey Decimal Classification       Baccah Central Library Central Library First floor 23/10/2007 Purchase 5 547 BRU 000006616 26/11/2012 11/10/2010 Book - Borrowing 30 23/10/2007
    Dewey Decimal Classification       Baccah Central Library Central Library First floor 25/12/2017   1 547 BRU 000047007 15/07/2025 03/12/2024 Book - Borrowing 4 25/12/2017